Đánh giá các mô hình sản xuất và sinh kế nông hộ vùng chuyển đổi huyện Hồng Dân tỉnh Bạc Liêu

Nội dung của đề tài đánh giá các mô hình sản xuất và sinh kế nông hộ vùng chuyển đổi huyện Hồng Dân tỉnh Bạc Liêu. Đề tài đã thu thập thông tin bằng phương pháp PRA và phỏng vấn trực tiếp 300 phiếu điều tra, sử dụng khung sinh kế bền vu...

Cur síos iomlán

Đã lưu trong:
Sonraí Bibleagrafaíochta
Príomhúdar: Võ, Đăng Ký
Formáid: Leabhar
Teanga:Undetermined
Foilsithe: Cần Thơ Trường Đại học Cần Thơ 2009
Ábhair:
Clibeanna: Cuir Clib Leis
Gan Chlibeanna, Bí ar an gcéad duine leis an taifead seo a chlibeáil!
Thư viện lưu trữ: Trung tâm Học liệu Trường Đại học Cần Thơ
LEADER 01414nam a2200229Ia 4500
001 CTU_154484
008 210402s9999 xx 000 0 und d
082 |a 338.13 
082 |b K600 
088 |a 60620116 
100 |a Võ, Đăng Ký 
245 0 |a Đánh giá các mô hình sản xuất và sinh kế nông hộ vùng chuyển đổi huyện Hồng Dân tỉnh Bạc Liêu 
245 0 |c Võ Đăng Ký ; Nguyễn Duy Cần hướng dẫn 
260 |a Cần Thơ 
260 |b Trường Đại học Cần Thơ 
260 |c 2009 
520 |a Nội dung của đề tài đánh giá các mô hình sản xuất và sinh kế nông hộ vùng chuyển đổi huyện Hồng Dân tỉnh Bạc Liêu. Đề tài đã thu thập thông tin bằng phương pháp PRA và phỏng vấn trực tiếp 300 phiếu điều tra, sử dụng khung sinh kế bền vững, phương pháp SWOT để phân tích các yếu tố tác động đến nông hộ. 
650 |a Nông nghiệp,Agriculture,Agriculture,Nông nghiệp 
650 |x Khía cạnh xã hội,Economic aspects,Social aspects,Khía cạnh kinh tế 
650 |z Việt Nam,Vietnam,Việt Nam,Việt Nam 
904 |i Trọng Hiếu 
980 |a Trung tâm Học liệu Trường Đại học Cần Thơ